| 000 | 00348nam a2200145Ia 4500 | ||
|---|---|---|---|
| 005 | 20250311035213.0 | ||
| 008 | 240331s9999 xx 000 0 und d | ||
| 082 |
_bCHI _a894 |
||
| 100 | _aKandiah, A | ||
| 245 | 0 | _aChinthanai valam | |
| 260 |
_aChunnakam _bThirumakal press _c1985 |
||
| 300 | _aViii, 116 p ., | ||
| 650 | _aTamil Essays | ||
| 942 | _cL | ||
| 999 |
_c3963 _d3963 |
||